Sports Quiz

Random Sports or Clickable Quiz

Stadium Name Changes (Matching) Quiz Stats

 Plays Quiz not verified by Sporcle

Challenge
Share
Tweet
Score 0/30 Timer 10:00
0 Plays Today
% Correct
New Meadowlands Stadium
91.8%
Comiskey Park
89%
FleetCenter
87.7%
Jacobs Field
86.3%
Jack Murphy Stadium
86.3%
Pacific Bell Park
86.3%
Florida Suncoast Dome
86.3%
Arrowhead Pond of Anaheim
86.3%
Enron Field
84.9%
Trans World Dome
84.9%
MCI Center
84.9%
Joe Robbie Stadium
83.6%
Jack Kent Cooke Stadium
83.6%
Monster Park
83.6%
Qwest Field
83.6%
% Correct
Bank One Ballpark
83.6%
HSBC Arena
82.2%
Ice Palace
80.8%
Ericsson Stadium
79.5%
Gund Arena
79.5%
Cleveland Browns Stadium
78.1%
Pizza Hut Park
78.1%
Gaylord Enetertainment Center
78.1%
Glendale Arena
78.1%
Ford Center
76.7%
Continental Airlines Arena
76.7%
Kiel Center
76.7%
Delta Center
75.3%
PSINet Stadium
74%
RBC Center
72.6%

You're not logged in!

Compare scores with friends on all Sporcle quizzes.
Join for Free
OR
Log In

You Might Also Like...

Show Comments

Extras

Top Quizzes Today


Score Distribution

Your Account Isn't Verified!

In order to create a playlist on Sporcle, you need to verify the email address you used during registration. Go to your Sporcle Settings to finish the process.

Report this User

Report this user for behavior that violates our Community Guidelines.

Details: